Statistics for highest rated player on every fifa from fifa 09

Click here to take the quiz!

General Stats

  • This quiz has been taken 9 times
  • The average score is 5 of 15

Answer Stats

HintAnswer% Correct
fifa 22messi #10
67%
fifa 11messi #2
67%
fifa 23benzema
50%
fifa 12messi #3
50%
fifa 13messi #4
50%
fifa 10messi
33%
fifa 15messi #6
33%
fifa 20messi #8
33%
fifa 21messi #9
33%
fifa 17ronaldo #2
33%
fifa 18ronaldo #3
33%
fifa 14messi #5
17%
fifa 09ronaldo
17%
fifa 19ronaldo #4
17%
fifa 16messi #7
0%

Score Distribution

Percentile by Number Answered

Percent of People with Each Score

Your Score History

You have not taken this quiz